000 00496nam a2200169 a 4500
001 BRL_1307
005 20190320211135.0
008 030114s2008----mx-a######---#000-0#spa-#
041 _aspa
044 _amx
050 4 _aF1219
_b.P83 2008
245 1 0 _aPueblos indígenas de México
_bcatálogo temático 4 : vol.II.
260 _aMéxico
_bCONACULTA, Dirección General de Culturas Populares
_c2008
300 _a382 p. (v.2)
_c22 cm.
650 1 4 _aIndígenas de México
_94678
942 _2lcc
_cB
999 _c10119
_d10119